[Event "Championnat 13"]
[Site "Vitrolles"]
[Date "2012.11.10"]
[Round "3"]
[White "Beraud, Robert"]
[Black "Muhajiz, Gibran"]
[Result "0-1"]
[WhiteElo "1735"]
[BlackElo "1444"]
[Annotator "Gozzoli,Y"]
[PlyCount "92"]
[EventDate "2012.??.??"]
[EventType "swiss"]
[EventRounds "6"]
[EventCountry "FRA"]
[SourceDate "2005.09.12"]

1. e4 e5 2. Nf3 Nc6 3. Bb5 a6 4. Ba4 Nf6 5. O-O b5 ({Si on veut jouer
l'Espagnole classique alors} 5... Be7 6. Re1 b5 {est plus précis. Le coup b5
doit être joué quand les Blancs protègent e4 et menacent donc de gagner le
pion e5 par Bxc6.}) 6. Bb3 Be7 $6 (6... Bc5 {et}) (6... Bb7 {sont les seules
justifications à 5...b5.}) 7. c3 $6 (7. d4 $1) 7... d6 (7... Nxe4 $1) 8. h3 Na5
9. Bc2 c5 10. Re1 $6 {pas nécéssaire pour l'instant, e4 est déjà protégé !} (
10. d4 $1) 10... O-O 11. d4 Qc7 {nous sommes malgré retombé dans la ligne
principale de la variante Tchigorine de l'Espagnole.} 12. d5 (12. Nbd2 {est
plus souple.}) 12... Bd7 13. b3 c4 14. b4 Nb7 15. Nbd2 $6 {Tous les coups
étaient normaux jusqu'ici mais ce coup est une imprécision qui permet aux
Noirs de s'emparer de l'initiative.} (15. a4 $1 $14) 15... a5 $1 {excellente
réaction qui met l'aile-Q blanche sous pression.} 16. Nf1 (16. a4 $5 bxa4 17.
Ba3 $132) 16... axb4 17. cxb4 h6 $6 {Un coup très affaiblissant.} (17... Ne8 $1
18. Ng3 g6 19. Bh6 Ng7 {suivi de Nd8, f7-f6 puis Nf7 pour chasser le Bh6 puis
préparer la rupture par f6-f5 est thématique.}) 18. Ne3 $6 {obstrue la
diagonale du Bc1.} (18. Ng3 $13) 18... Qc8 19. Qe2 (19. a4 $1 {est meilleur.
Il faut profiter du mauvais placement du Nb7 pour ouvrir l'aile-Q}) 19... Ne8
$6 {trop passif.} (19... Nh5 $1 $36) 20. g4 $2 {Diagramme [#] une grosse faute
stratégique que les Noirs vont bien exploiter. (cf Ivanchuk-Radulski)} (20. a4
$1 $14) 20... h5 $1 21. Nh2 Bg5 $6 {une imprécision qui aurait pu coûter cher
aux Noirs.} (21... hxg4 22. hxg4 g6 $17 {suivi de Kg7-h8 posait de sérieux
problèmes aux Blancs.}) 22. f3 $2 {affaiblit encore plus les cases noires.} (
22. Nxc4 $1 $16) 22... Bf4 (22... Bd8 {suivi de Bb6 était intéréssant.}) 23.
Nhf1 Nf6 $1 {le début d'une belle exploitation des cases noires.} 24. Nd2 Nh7
25. Kg2 Re8 26. Nb1 Nf8 $1 27. Nc3 h4 {pas nécéssaire, le pion h5 n'était de
toutes facons pas en prise.} (27... Ng6 $17) 28. Qd1 Ng6 29. Ne2 c3 $6 {Le jeu
noir est à l'aile-K, il est donc indispensable de rester le plus solide
possible à l'aile-Q afin de contrôler toute tentative de contre-jeu adverse.}
30. Qd3 Nd8 $2 {le deuxième arrive mais pas dans le bon timing !} 31. Nxc3 $4 {
[#]} (31. Nf5 $1 {profitant de l'affaiblissement temporaire de d6 était fort.})
31... Bg3 $1 32. Qd2 Nf4+ 33. Kh1 Bxe1 34. Qxe1 f6 $1 {le 2ème cavalier se
joint à l'assault !} 35. Kh2 Nf7 36. Ne2 $4 Ng5 {obnubilé par leur plan, les
Noirs "oublient" de gagner la partie de suite ! Cependant le coup du texte ne
change pas l'évaluation.} (36... Nxe2 37. Qxe2 Qc3 $1 38. Rb1 Rxa2 $19) 37. Ng1
Nfxh3 $1 38. Qf1 Nxg1 (38... Qc3 $1 39. Rb1 Rxa2 $19) 39. Kxg1 Kf7 (39... Qc3
$19) 40. Bb2 Rh8 41. Bb3 h3 42. Kh2 Qa6 43. Rc1 Rac8 44. Rxc8 Rxc8 45. a4 Qb6
46. Qe2 bxa4 {Une partie très intéréssante stratégiquement malgré les
imprécisions, qui démontre encore une fois toute la richesse de cette
ouverture.} 0-1

[Event "Championnat 13"]
[Site "Vitrolles"]
[Date "2012.11.10"]
[Round "3"]
[White "Scamaroni, Jean-Paul"]
[Black "Arthaud, Geoffrey"]
[Result "1-0"]
[WhiteElo "1678"]
[BlackElo "1630"]
[Annotator "Gozzoli,Y"]
[PlyCount "87"]
[EventDate "2012.??.??"]
[EventType "swiss"]
[EventRounds "6"]
[EventCountry "FRA"]
[SourceDate "2005.09.12"]

1. d4 Nf6 2. c4 e6 3. Nc3 Bb4 4. a3 $5 (4. f3 {est plus usuel pour obtenir ce
type de structure.}) 4... Bxc3+ 5. bxc3 b6 (5... c5 {suivi de Nc6-d6-e5 est
l'autre plan.}) 6. f3 Ba6 7. e4 d5 8. Bg5 h6 9. Bh4 {Diagramme [#] Une
ouverture très animée et intérèssante nous donne cette position compliquée en
possibilités. Les deux camps doivent être précis !} Qc8 $2 $18 {Une grosse
faute stratégique. Il fallait continuer l'agression du centre blanc par} (9...
dxe4 $1 10. fxe4 g5 11. e5 (11. Bg3 Nxe4 12. Be5 Rf8 $15) 11... gxh4 12. Qf3
Nbd7 13. exf6 c5 $36) 10. Bxf6 $1 gxf6 11. cxd5 $1 Bxf1 12. Kxf1 Qa6+ 13. Qe2
exd5 14. exd5+ Kd7 {Les Blancs ont très bien joué la dernière séquence de
coups et obtenu un avantage décisif.} 15. Qxa6 $6 (15. Kf2 $1 {pour forcer
l'échange des Q permettait de gagner deux tempos !} Qxe2+ 16. Nxe2 $18 {par
rapport à la partie, les Blancs ont le K en f2 et le N en e2 alors que les
Noirs ont encore le N en b8 !}) 15... Nxa6 16. c4 $2 {laisse les Noirs générer
du contre-jeu.} (16. Ne2 $16) 16... Rae8 $6 (16... Rac8 $1 17. Ne2 c6 $1 18.
dxc6+ Rxc6 19. Rc1 Rhc8 $132) 17. Re1 Kd6 18. Rxe8 Rxe8 19. Kf2 c5 $6 (19...
Rb8 $1 20. Ne2 b5 $1 $132) 20. Ne2 {Maintenant les Noirs ont perdu toutes
possibilités dynamiques et vont maintenant souffrir de leurs faiblesses à
l'aile-K.} cxd4 21. Nxd4 Kc5 22. Nb5 {pas le bon côté !} (22. Nf5 $1 $18) 22...
Re7 23. Rc1 Nb8 24. d6 $6 {Cette poussée doit être préparée et soutenue par
les autres pièces, ce qui n'est pas le cas ici.} (24. Rd1 $1 Kxc4 25. Nd6+ Kb3
26. Nf5 Re8 27. d6 $16) 24... Rd7 25. Re1 $6 {perd l'avantage.} (25. Ke3 $14)
25... Nc6 $11 {Les pièces noires sont bien organisées et fonctionnent ensemble.
} 26. Re4 a6 $6 {affaiblit la structure pour rien.} (26... Ne5 $1 $11) 27. Nc7
Ne5 $2 (27... a5 $14) 28. Nxa6+ Kxd6 29. Rd4+ Ke6 30. Rxd7 Kxd7 31. c5 $16 Nd3+
$2 (31... Nc4 32. cxb6 Nxb6 $16 {est bien entendu clairement favorable aux
Blancs mais il faut encore travailler !}) 32. Ke3 Nxc5 $4 {la finale de pions
est bien sûr perdante à cause du pion passé éloigné a3.} 33. Nxc5+ bxc5 34. Kd3
f5 35. f4 Kd6 36. Kc4 Kc6 37. a4 Kb6 38. a5+ Kxa5 39. Kxc5 h5 40. Kd5 Kb5 41.
Ke5 Kc5 42. Kxf5 Kd5 43. h4 Kd4 44. g4 1-0

[Event "Championnat 13"]
[Site "Vitrolles"]
[Date "2012.11.10"]
[Round "3"]
[White "Charvein, Gabriel"]
[Black "Madranges, Jean"]
[Result "1-0"]
[WhiteElo "1813"]
[BlackElo "1831"]
[Annotator "Chauvet JM"]
[PlyCount "51"]
[EventDate "2012.??.??"]
[EventType "swiss"]
[EventRounds "6"]
[EventCountry "FRA"]
[SourceDate "2005.09.12"]

1. Nf3 e6 2. g3 f5 {une défense Hollandaise ...} 3. Bg2 Nf6 4. d4 Be7 5. c4 O-O
6. O-O Ne4 7. Nc3 Bf6 8. Qc2 d5 {La variante stonewall.} 9. Bf4 c6 10. Rad1 g5
11. Be5 Nd7 12. Bxf6 Qxf6 13. Ne1 Qh6 14. f3 Nef6 (14... Nd6 $5) 15. e4 (15. b3
$5) 15... dxe4 16. Qe2 f4 17. Nxe4 Nh5 $6 {Diagramme [#] il n'y apas d'avenir
en h5 ... l'"attaque" est bien controlée par les Blancs} (17... Nxe4 $5 18.
Qxe4 Nf6 $16 {et les Noirs bien que moins bien, essayent d'activer leurs
pièces ...}) 18. Nd3 Ndf6 19. Ndf2 b6 20. Nxf6+ Nxf6 21. Rfe1 $18 {Les Blancs
sont positionnellement gagnants. La faiblesse en e6 et les cases noires
assurent l'avantage.} fxg3 22. hxg3 Nh5 23. Ng4 {grignote les cases...} Qg7 24.
Kh2 Qc7 $6 (24... Nf6 25. Ne5 Bb7 26. Bh3 $18 {est aussi à l'avantage des
Blancs, mais les Noirs peuvent essayer de jouer ...}) 25. Qe5 $1 Qe7 $4 (25...
Qg7 26. Qd6 Qd7 27. Qxd7 Bxd7 28. Re5 {et la position des Noirs s'écroule}) 26.
Nh6# 1-0

[Event "Championnat 13"]
[Site "Vitrolles"]
[Date "2012.10.20"]
[Round "2"]
[White "Estevez, Eric"]
[Black "Flores, Adrian"]
[Result "1-0"]
[WhiteElo "1980"]
[BlackElo "1918"]
[Annotator "Gozzoli,Y"]
[PlyCount "113"]
[EventDate "2012.??.??"]
[EventType "swiss"]
[EventRounds "6"]
[EventCountry "FRA"]
[SourceDate "2005.09.12"]

1. e4 d6 2. Nf3 $6 {Bizarrement un coup peu précis, qui réduit
considérablement les choix Blancs.} (2. d4 {est logique et plus naturel.}) 2...
g6 3. Bc4 {Je comprend bien que les Blancs ne veulent pas pousser d2-d4 mais
la question est "pourquoi ?"} Bg7 4. O-O h6 $6 {L'ouverture a été traitée de
manière bien mystérieuse de la part des deux joueurs !} (4... Nd7 {est l'idée
des Noirs mais se heurte ici à} 5. Bxf7+ $1 Kxf7 6. Ng5+ Ke8 (6... Kf6 7. Qf3+
Kxg5 8. d4+ Kh4 9. Qh3#) 7. Ne6 $18 {d'où 4...h6 ?!}) (4... Nf6 {est normal !})
5. c3 {Beaucoup de prophylaxie dans cette partie ! Mais pourquoi ne pas
chercher à punir la passivité des Noirs en jouant rapidement au centre ?} (5.
d4 $1) 5... Nd7 {Je comprend maintenant l'idée de 4...h6?! qui était d'éviter
le sacrifice 5.Bxf7+ suivi de Ng5 (voir analyse). Cependant je ne comprend pas
pourquoi développer le Nb8 sur cette case est une priorité .} 6. d4 {
finalement !} e5 7. dxe5 dxe5 8. Qe2 Ngf6 9. Rd1 (9. b3 $1 {est pénible pour
les Noirs.} O-O 10. a4 $16 {avec l'idée Ba3 pour forcer la poussée c7-c5 qui
affaiblirai définitivement les cases d5 et d6.}) 9... Qe7 10. b3 O-O 11. Ba3 c5
12. Bd5 $6 {Pourquoi bloquer cette colonne ? La case d5 est la case d'un N !} (
12. Nbd2 {avec l'idée Nf1-e3-d5 est plus approprié.}) 12... Rb8 $2 (12... Nxd5
$1 {était quand même nécessaire !} 13. Rxd5 b6 {suivi de Bb7-Nf6 et les Noirs
n'ont plus de problèmes.}) 13. c4 $14 Rd8 (13... Nxd5 14. cxd5 $14) 14. Bb2 b6
15. Na3 (15. Nc3 $16 {suivi de Rd2-Rad1 est plus fort.}) 15... a6 {Les Noirs
n'ont obtenu que des problèmes de leur ouverture et doivent maintenant être
précis dans une position très très passive.} 16. Nc2 Nh5 17. Ne3 Nf8 18. a4 (
18. g3 $1) 18... Nf4 19. Qc2 Be6 20. g3 Nh3+ 21. Kg2 Ng5 22. Nxg5 Qxg5 23. Qe2
h5 24. h4 Qe7 25. Rd2 {[#] Les Noirs ont une position très passive sans aucun
contre-jeu.} Rd6 (25... Bc8 {/\Ne6.}) 26. Ba3 Bh6 $2 (26... Bc8) 27. Rad1 Rbd8
$2 {Les Noirs jouent sans plan et ne se méfient pas des menaces blanches.
Maintenant leur position s'écroule.} 28. a5 $1 {détruit la structure noire.}
Qc7 29. b4 $1 cxb4 30. Bxb4 R6d7 31. axb6 (31. Bxe6 $1 fxe6 32. Rxd7 Rxd7 33.
Bxf8 Bxf8 34. axb6 Qc6 35. Rxd7 Qxd7 36. Qb2 $18) 31... Qxb6 32. Rb2 (32. Bxe6
Qxe6 33. Rd5 $18) 32... Qc7 33. Qe1 Bxe3 34. Qxe3 Bxd5 35. cxd5 $18 {La
position noire est sans espoir.} Nh7 36. Rc1 Qa7 37. Bc5 Qa8 38. Qa3 f5 39. f3
(39. Rb6 $1) 39... Rc8 40. Rb6 Rg7 41. Rxa6 {La fin est proche, le reste ne
nécessite pas de commentaires.} Qb7 42. Rb6 (42. Ra7 Qb5 43. Bd4 $3 Rxc1 44.
Ra8+ Kf7 45. Qxc1 exd4 46. Qc7+ Kf6 47. e5#) 42... Qf7 43. Qa6 Rd8 44. Bd6 g5
45. Bxe5 (45. Rc8 $1 Rxc8 46. Qxc8+ Nf8 47. Rb8 $18) 45... fxe4 46. fxe4 gxh4
47. Bxg7 h3+ 48. Kg1 h2+ 49. Kg2 Ng5 50. Rf6 Qd7 51. Rf5 Qxg7 52. Rcf1 h4 53.
Kxh2 Rb8 54. gxh4 Rb2+ 55. Kh1 Nf3 56. Qe6+ Kh7 57. Rh5+ 1-0

[Event "Championnat 13"]
[Site "Vitrolles"]
[Date "2012.10.20"]
[Round "2"]
[White "Battaglia, Gerard"]
[Black "Chauvet, Jean-Marc"]
[Result "0-1"]
[WhiteElo "1850"]
[BlackElo "1943"]
[Annotator "Gozzoli,Y"]
[PlyCount "38"]
[EventDate "2012.??.??"]
[EventType "swiss"]
[EventRounds "6"]
[EventCountry "FRA"]
[SourceDate "2005.09.12"]

1. a3 e5 2. e3 (2. d4 $5 exd4 3. Qxd4 Nc6 4. Qd3 {retombe dans la variante 3...
Qd6 de la Scandinave mais côté blanc !}) 2... d5 3. d4 {Un ordre de coup malin
où nous obtenons une "Francaise en premier" avec l'utile coup a2-a3.} exd4 4.
Qxd4 $6 {Une imprécision qui va permettre aux Noirs de gagner de nombreux
tempos de développement.} (4. exd4 $11) 4... Nf6 5. Nf3 c5 6. Bb5+ Bd7 (6...
Nc6 7. Qd1 Bd6 {est préférable, le Bb5 n'ayant pas d'utilité particulière, les
Noirs vont s'emparer de la paire de B.}) 7. Bxd7+ Qxd7 8. Qd1 Nc6 $15 {Les
Noirs ont obtenu de l'ouverture une excellente position qu'ils vont pouvoir
améliorer sans crainte d'un contre-jeu blanc.} 9. Nc3 $6 {Une grosse erreur
dynamique qui enlève aux Blancs toutes possibilités d'espérer un contre-jeu.} (
9. b3 {avec l'idée Bb2-Nbd2-00, suivi d'une éventuelle poussée c2-c4, était
plus harmonieux.}) 9... Rd8 10. O-O Bd6 11. Qe2 O-O 12. Rd1 Rfe8 $17 {[#]} 13.
Qf1 {Un coup "triste" mais il était déjà difficile de prodiguer un bon conseil
aux Blancs.} a6 {pas nécessaire.} (13... Qf5 $142) 14. Ne2 Qf5 15. c3 {
affaiblit terriblement les cases blanches.} Ne4 $1 $40 {Les Blancs n'ont pas
encore terminé leur développement qu'ils vont devoir subir une énorme attaque
sur l'aile-K.} 16. b4 Ne5 17. Nxe5 Bxe5 18. Bd2 Re6 19. Rac1 $4 Bxh2+ $1 {avec
un mat en 4 coups à suivre.} 0-1

[Event "Championnat 13"]
[Site "Vitrolles"]
[Date "2012.10.20"]
[Round "2"]
[White "Faure, Alexandre"]
[Black "Danielan, Kevin"]
[Result "1-0"]
[WhiteElo "1815"]
[BlackElo "1785"]
[Annotator "Gozzoli,Y"]
[PlyCount "97"]
[EventDate "2012.??.??"]
[EventType "swiss"]
[EventRounds "6"]
[EventCountry "FRA"]
[SourceDate "2005.09.12"]

1. e4 e6 2. d4 d5 3. e5 c5 4. c3 Qb6 5. Nf3 Nc6 6. Bd3 $5 {Un coup qui a
presque disparu de la pratique, qui implique un sacrifice de pion à la
réputation douteuse, mais qui reste très dangereux d'un point de vue pratique.
Ce coup est la spécialité du fantasque GMI suédois Johnny HECTOR.} (6. a3 {
reste le coup principal.}) 6... Bd7 (6... cxd4 7. cxd4 Bd7 8. O-O Nxd4 9. Nbd2
{est l'autre possibilité.}) 7. dxc5 $1 {Le bon coup !} Bxc5 (7... Qc7 $5 {est
très intéressant.}) 8. O-O f5 $6 {Un coup douteux qui enlève tout contre-jeu
au centre basé sur la poussée f7-f6.} (8... a5 $1 {est le coup principal}) (
8... Qc7 $5) 9. b4 $1 Be7 10. Be3 Qc7 11. Re1 a6 12. Nbd2 Nh6 13. Bxh6 gxh6 14.
Nb3 $16 {[#] Les Blancs ont obtenu un gros avantage positionnel.} Rg8 15. Qd2
Rg6 16. Nbd4 Kf7 17. Nxc6 $6 {Pourquoi changer le caractère de la structure ?}
(17. Rac1 $142) 17... bxc6 {Maintenant les Noirs peuvent obtenir du contre-jeu
à l'aile-Q par c6-c5 et/ou a6-a5.} 18. c4 Rag8 19. g3 Qa7 (19... h5 $1 20. c5 (
20. h4 Rg4 $1) 20... h4 $132) 20. c5 h5 21. h4 $14 a5 22. a3 Bc8 23. Nd4 $2 (
23. Kh1 $16) 23... Qa8 $2 (23... Bxh4 $1 24. Nxc6 Qc7 25. b5 Bg5 26. Qc3 (26.
f4 $2 Bh4 $1 $19) 26... h4 $13) 24. Be2 $16 Bxh4 $2 (24... Kg7 25. Bxh5 Rh6)
25. Bxh5 Be7 26. Qh6 R8g7 27. Bxg6+ $18 hxg6 28. Nf3 g5 29. Qh5+ Rg6 30. Kg2
Ba6 31. Rh1 Qf8 32. Nd4 Bc8 33. Nxc6 {Les Blancs sont totalement gagnants.} Bb7
34. Nd4 (34. Nxe7 $1 Qxe7 (34... d4+ 35. f3 Qxe7 36. Qh8 Rg7 37. Rh6 $18) 35.
Qh8 $18) 34... Bc8 35. Nc6 Bb7 36. Nxa5 (36. Nxe7) 36... Ba8 37. Qh7+ Rg7 38.
Qh5+ Rg6 39. Qh7+ Rg7 40. Qh5+ $4 {Une énorme faute qui permet aux Noirs de
réclamer la nulle après} Rg6 {et la position est répétée pour la 3ème fois !
Cependant les Noirs n'en fîrent rien !} 41. c6 $18 {Le zeitnot est passé et
les Blancs vont conclure facilement une position archi gagnante.} g4 42. Qh8
Rg8 43. Qh5+ Rg6 44. b5 Bxa3 45. Qh8 Bb2 46. Qxf8+ Kxf8 47. Rh8+ Rg8 48. Rxg8+
Kxg8 49. c7 1-0

[Event "Championnat 13"]
[Site "Vitrolles"]
[Date "2012.10.20"]
[Round "2"]
[White "Arslan, Paul-Peter"]
[Black "Busson, Benoist"]
[Result "0-1"]
[WhiteElo "1880"]
[BlackElo "1943"]
[Annotator "Gozzoli,Y"]
[PlyCount "36"]
[EventDate "2012.??.??"]
[EventType "swiss"]
[EventRounds "6"]
[EventCountry "FRA"]
[SourceDate "2005.09.12"]

1. c4 e5 2. Nc3 Nc6 3. g3 f5 4. d3 $2 {Une grosse faute stratégique déjà. Dans
beaucoup de lignes les Noirs vont avoir besoin de pousser d2-d4 rapidement. Ce
coup qui ne répond à aucune question est donc une grosse perte de temps.} (4.
Bg2 {est la continuation logique de 3.g3}) 4... Nf6 5. Bg2 Bc5 6. e3 {Nous
avons maintenant une Grand Prix Attack avec les couleurs inversées, ouverture
dangereuse qu'il n'est jamais simple d'affronter !} f4 $5 {thématique.} 7. exf4
d6 8. Nge2 O-O 9. O-O Qe8 10. Bd2 $4 {Les Blancs n'ont pas de plan et ne se
sont pas méfiés des possibilités noires. Maintenant l'attaque noire devient
très dangereuse.} Qh5 11. Nc1 $4 {[#] Le coup perdant, cependant il était déjà
difficile pour les Blancs de contrer l'attaque noire.} Bg4 $19 12. Qa4 Nd4 {
Toutes les pièces noires se ruent sur le roque blanc.} 13. h4 Nf3+ 14. Bxf3
Bxf3 15. Ne4 Nxe4 16. dxe4 Bxe4 (16... exf4 $1) 17. Qd7 Bf5 (17... Rf5) 18.
Qxc7 Qf3 0-1

[Event "Championnat 13"]
[Site "Vitrolles"]
[Date "2012.10.20"]
[Round "2"]
[White "Anton, Jose"]
[Black "Dudognon, Thibault"]
[Result "0-1"]
[WhiteElo "1890"]
[BlackElo "1906"]
[Annotator "Gozzoli,Y"]
[PlyCount "62"]
[EventDate "2012.??.??"]
[EventType "swiss"]
[EventRounds "6"]
[EventCountry "FRA"]
[SourceDate "2005.09.12"]

1. e4 c5 2. d4 cxd4 3. c3 {Le fameux Gambit Morra, toujours aussi dangereux en
pratique.} d3 $5 {Je comprend la volonté de ne pas rentrer dans les
complications découlant de 3...dxc3 mais ce dernier reste le bon coup pour les
Noirs !} (3... dxc3 $1) 4. Bxd3 e5 $6 {Une sérieuse faute stratégique à mon
avis. Les Noirs affaiblissent sans raison la diagonale a2-g8 et la case d5.} 5.
Nf3 Nc6 6. Bc4 (6. b4 $5) 6... Qc7 7. O-O Nf6 8. Ng5 $6 {Un mauvais coup qui
aide les Noirs à renforcer leur position.} (8. Bg5 Be7 9. Bxf6 Bxf6 10. Na3 $14
{amenant un combat stratégique autour des cases d5 et d6, typique des
structures Boleslavsky (d6-e5) comme dans la Svieshnikov.}) 8... Nd8 $1 {Le
seul coup mais un bon coup ! Les Noirs vont amener leur N en e6 pour bloquer
la diagonale du Bc4.} 9. Qe2 h6 10. Nf3 Be7 11. b3 O-O $11 {Les Noirs ont
égalisé et ont maintenant un jeu plus confortable.} 12. Na3 $6 (12. Bd3 {avec
l'idée c3-c4 était meilleur.}) 12... a6 $1 {Le jeu noir va se développer avec
une facilité déconcertante.} 13. Rd1 b5 14. Bd5 Nxd5 15. Rxd5 $2 (15. exd5 d6 {
n'est pas très attractif mais était le moindre mal.}) 15... d6 16. c4 Bb7 17.
Rd1 b4 (17... f5 $1 {ouvre la position pour tirer profit du manque de
développement des Blancs} 18. exf5 Rxf5 19. cxb5 Ne6 $40) 18. Nc2 a5 19. Qd3 $2
{[#]} (19. a3 $1 bxa3 20. Nxa3 $15) 19... f5 $1 $17 {Les Noirs vont
parfaitement jouer le coup et mener l'initiative avec beaucoup d'energie.} 20.
Nd2 Ne6 $1 21. f3 $4 (21. Ne3 $142 $17) 21... Nf4 $1 22. Qe3 d5 $3 $19 {Les
Blancs perdent du matériel de manière forcée.} 23. Kh1 Bc5 24. Qe1 Nd3 {Tout
est fini. Les Blancs ont perdu cette partie car ils ont voulu absolument
donner un caractère dynamique à une position qui demandait un traitement
positionnel.} 25. Qh4 Nf2+ 26. Kg1 Nxd1+ 27. Kf1 fxe4 28. cxd5 Ba6+ 29. Nc4
exf3 30. g3 Bd4 31. Nxd4 Bxc4+ 0-1